1442 1338 1912 1639 1747 1019 1248 1487 1274 1010 1954 1838 1268 1983 1381 1493 1896 1988 1984 1857 1920 1665 1953 1004 1021 1399 1552 1269 1585 1788 1859 1790 1113 1561 1403 1826 1294 1490 1643 1474 1510 1639 1109 1882 1160 1661 1952 1773 1226 1160 1751 1952 1477 1291 1937 1784 1638 1509 1331 1443 1060 1511 1553 1076 1617 1408 1223 1412 1802 1821 1469 1185 1027 1856 1084 1851 1401 1157 1646 1734 1470 1631 1501 1394 1747 1041 1820 1323 1921 1206 1477 1150 1419 1833 1540 1329 1708 1704 1002 BCNSPRNW ULIB Ver.6.0+V

เปลี่ยนเป็นภาษาไทย

Change to English
 แสดงรายละเอียดบรรณานุกรม
  กลับหน้าหลัก

Brief Record : Get Marc (ISO 2709) : E-mail record : QR code < ปิดหน้าต่าง
LEADER : 00000nam 2200000uu 4500
001    13399114611
003     ULIB
008    120424s2553||||th 000 0 tha d
020    ^a9786167349039
090    ^aนว.^bน447ท 2553
100 0  ^aนางฟ้าสีดำ
245 00 ^aNew Love ท้าชน..คนพันธุ์เทพ/^cนางฟ้าสีดำ
250    ^aพิมพ์ครั้งที่ 1
260    ^aกรุงเทพฯ :^bปรีชาธร อินเตอร์พริ้น จำกัด,^c2553
300    ^a208 หน้า
710 1  ^aอินเตอร์พริ้น จำกัด
945    ^p155^l0^i17089
995    ^aกัณชพร
999    ^aใช้งานได้ทุกระบบ
รายการนี้ยังไม่มีแท็ก
คุณยังไม่ได้ล็อกอิน คุณสามารถมีกิจกรรมร่วมกับเว็บไซต์ได้ แต่ต้องล็อกอินก่อน ::
  ล็อกอิน

รายการสื่อสารสนเทศ

ลำดับที่ ประเภท เลขเรียก/บาร์โค้ด สถานที่ สถานะ
1. นวนิยาย
นวนิยาย
นว. น447ท 2553  
  Barcode: 17089
ห้องสมุดวิทยาเขตสวรรค์ประชารักษ์
►นวนิยาย
บนชั้น
  ขอยืม

BibComment


ยังไม่เคยถูกคอมเมนท์

คอมเมนท์ทรัพยากรรายการนี้
  คอมเมนท์: New Love ท้าชนคน..


 Copyright 2026. Bcnsprnw @Library